|
|
|
|
| LEADER |
00860nam a22002652a 4500 |
| 001 |
001373659 |
| 003 |
CZ BrMZK |
| 005 |
20140317123509.0 |
| 007 |
ta |
| 008 |
140313s1963 xr er|||||||||||cze d |
| 015 |
|
|
|a cnb000519961
|
| 035 |
|
|
|a (OCoLC)85344321
|
| 040 |
|
|
|a ABA001
|b cze
|c HKA001
|d BOA001
|
| 080 |
9 |
|
|a 547(075.3)
|
| 100 |
1 |
|
|a Svoboda, Jan
|7 jx20040917024
|4 aut
|
| 245 |
1 |
0 |
|a Organická chemie pro 2. ročník středních průmyslových škol chemických /
|c Jan Svoboda, Rudolf Kucler
|
| 250 |
|
|
|a 3., nezm. vyd.
|
| 260 |
|
|
|a Praha :
|b Státní nakladatelství technické literatury,
|c 1963
|
| 300 |
|
|
|a 346 s.
|
| 504 |
|
|
|a Obsahuje bibliografii
|
| 700 |
1 |
|
|a Kucler, Rudolf
|7 jk01070483
|4 aut
|
| 910 |
|
|
|a BOA001
|b 2-0508.466
|
| 990 |
|
|
|a BK
|
| 991 |
|
|
|b 201403
|
| 996 |
7 |
|
|b 2619047472
|c 2-0508.466
|l HP2
|r DEN
|n 0
|w 001408652
|u 000010
|a 1
|e BOA001
|j MZK50
|s A
|